| 000 | 00624nam a22001697a 4500 | ||
|---|---|---|---|
| 999 |
_c16194 _d16194 |
||
| 008 | 210624b ||||| |||| 00| 0 eng d | ||
| 020 | _a9786219524285 | ||
| 082 |
_22019 _aDFil 346.07 _bD713 |
||
| 100 |
_aDomingo, Andrix D., _dauthor. _943378 |
||
| 245 |
_aRegulatory framework and legal issues in business. Part 1/ _cAndrix D. Domingo |
||
| 250 | _a2019 Edition | ||
| 260 |
_aBaguio, Philippines: _bCoaching For Results Pub., _c©2019. |
||
| 300 |
_a829 pages; _c23 cm. |
||
| 650 |
_aCommercial law -- Philippines. _943379 |
||
| 650 |
_aCommercial law -- Philippines -- Problems, exercises, etc. _943380 |
||
| 942 |
_2ddc _cDFIL |
||